| 000 | 01081aamaa2200301 i 4500 | ||
|---|---|---|---|
| 003 | EG-GiCUC | ||
| 005 | 20251110104541.0 | ||
| 008 | 070215s1993 le jr 000 p ara d | ||
| 040 |
_aEG-GiCUC _bara _cEG-GiCUC |
||
| 082 | 0 | 4 |
_221 _a811.008 _bF522 |
| 092 | 0 | 4 |
_a811.008 _bF522 _221 |
| 099 | _a811.008 F522 | ||
| 100 | 1 | _aالحمدانى، أبى فراس | |
| 245 | 1 | 0 |
_aديوان أبى فراس الحمدانى / _cشرح يوسف شكرى فرحات. |
| 250 | _aالطبعة الاولى | ||
| 264 |
_aبيروت(لبنان) : _bدار الجيل، _c1993. |
||
| 300 |
_a382 صفحة ؛ _c24 سم |
||
| 336 |
_2rdacontent _atext |
||
| 337 |
_2rdamedia _aUnmediated |
||
| 338 |
_2rdacarrier _avolume |
||
| 500 | _aالنسخة رقم (173366) اهداء د. جابر عصفور سنة 2024 | ||
| 541 |
_aد. جابر عصفور ؛ _bالقاهرة ؛ _cاهداء ؛ _d2024. |
||
| 650 | 1 | 7 |
_aالشعر العربى _xدواوين و قصائد _2qrmak |
| 905 |
_aبلتاجى _eمراجع |
||
| 905 | _aAya | ||
| 905 |
_aرضا _eمدخل |
||
| 942 |
_cBK _2ddc _e21 _n0 |
||
| 999 |
_c91930 _d91930 |
||